THE GOLDEN LEAVES (Record no. 26721)

MARC details
000 -LEADER
fixed length control field 00272nam a22001217a 4500
003 - CONTROL NUMBER IDENTIFIER
control field SGT
082 ## - DEWEY DECIMAL CLASSIFICATION NUMBER
Classification number 153.94
Item number GOI
100 ## - MAIN ENTRY--PERSONAL NAME
Personal name GOVT. OF INDIA
245 ## - TITLE STATEMENT
Title THE GOLDEN LEAVES
260 ## - PUBLICATION, DISTRIBUTION, ETC. (IMPRINT)
Place of publication, distribution, etc UTTRAKHAND
Name of publisher, distributor, etc FOREST RESEARCH INSTITUTE
Year of Publication 2016
300 ## - PAGE DESCRIPTION
No. of Pages 160
942 ## - ADDED ENTRY ELEMENTS (KOHA)
Source of classification or shelving scheme Dewey Decimal Classification
Koha item type Books
Holdings
Withdrawn status Lost status Source of classification or shelving scheme Damaged status Not for loan Collection code Home library Current library Shelving location Date acquired SGTU Total Checkouts Full call number Accession No. (Barcode) Date last seen Bill Date Koha item type
    Dewey Decimal Classification   Not For Loan LAW SGT Science & Social Sciences Library SGT Science & Social Sciences Library Text Book 19/07/2024 SGTU   153.94 GOI FL3480 19/07/2024 19/07/2024 Books